| 000 | 01529nam a2200325 a 4500 | ||
|---|---|---|---|
| 001 | ebr10381408 | ||
| 003 | CaPaEBR | ||
| 006 | m u | ||
| 007 | cr cn||||||||| | ||
| 008 | 100603s2009 at ab sb 001 0 eng d | ||
| 020 | _z9781742230771 | ||
| 020 | _z9781742230788 (e-book) | ||
| 040 |
_aCaPaEBR _cCaPaEBR |
||
| 035 | _a(OCoLC)647917261 | ||
| 043 | _aa-tu--- | ||
| 050 | 1 | 4 |
_aD568.3 _b.C36 2009eb |
| 100 | 1 | _aCameron, David W. | |
| 245 | 1 | 0 |
_a'Sorry, lads, but the order is to go' _h[electronic resource] : _bthe August Offensive, Gallipoli : 1915 / _cDavid W. Cameron. |
| 260 |
_aSydney, Australia : _bUNSW Press, _c2009. |
||
| 300 |
_axiv, 370 p. : _bill., maps. |
||
| 504 | _aIncludes bibliographical references (p. 358-361) and index. | ||
| 505 | 0 | _apt. 1. Preparation -- pt. 2. 6 August 1915 -- pt. 3. 7 August 1915 -- pt. 4. 8 August 1915 -- pt. 5. 9 August 1915 -- pt. 6. 10 August 1915. | |
| 533 |
_aElectronic reproduction. _bPalo Alto, Calif. : _cebrary, _d2010. _nAvailable via World Wide Web. _nAccess may be limited to ebrary affiliated libraries. |
||
| 610 | 1 | 0 |
_aGreat Britain. _bArmy. _bAustralian and New Zealand Army Corps _xHistory. |
| 650 | 0 |
_aWorld War, 1914-1918 _xCampaigns _zTurkey _zGallipoli Peninsula. |
|
| 651 | 0 |
_aGallipoli Peninsula (Turkey) _xHistory, Military _y20th century. |
|
| 655 | 7 |
_aElectronic books. _2local |
|
| 710 | 2 | _aebrary, Inc. | |
| 856 | 4 | 0 |
_uhttp://site.ebrary.com/lib/rucke/Doc?id=10381408 _zAn electronic book accessible through the World Wide Web; click to view |
| 999 |
_c103258 _d103258 |
||